Statistics for Public 4-Year Colleges: Pennsylvania

Click here to take the quiz!

General Stats

  • This quiz has been taken 29 times
  • The average score is 9 of 18

Answer Stats

HintAnswer% Correct
88,914Penn State Main Campus
92%
33,230University of Pittsburg
84%
35,626Temple University
72%
9,298Indiana University of Pennsylvania
68%
6,509California University of Pennsylvania
56%
7,673Kutztown University of Pennsylvania
56%
17,614West Chester University of Pennsylvania
56%
7,739Bloomsburg University of Pennsylvania
52%
5,667Shippensburg University of Pennsylvania
52%
5,129East Stroudsburg University of Pennsylvania
36%
2,920Lock Haven University
36%
8,405Slippery Rock University of Pennsylvania
36%
4,043Edinboro University of Pennsylvania
32%
1,916Lincoln University of Pennsylvania
32%
1,796Mansfield University of Pennsylvania
32%
7,191Millersville University of Pennsylvania
32%
3,922Clarion University of Pennsylvania
28%
642Cheyney University of Pennsylvania
24%

Score Distribution

Percentile by Number Answered

Percent of People with Each Score

Your Score History

You have not taken this quiz